[Event "Landesliga Sued 9899"]
[Site "Bayern"]
[Date "1998.10.11"]
[Round "1.4"]
[White "Seibold, Thomas"]
[Black "Heiduczek, Josef"]
[Result "0-1"]
[WhiteElo "2100"]
[BlackElo "2170"]
[PlyCount "82"]
[EventDate "1998.11.10"]
[EventType "team-tourn"]
[EventRounds "9"]
[EventCountry "GER"]
[SourceTitle "EXT 2020"]
[Source "ChessBase"]
[SourceDate "2019.10.17"]
[SourceVersion "1"]
[SourceVersionDate "2019.10.17"]
[SourceQuality "1"]
[WhiteTeam "Muenchen FC Bayern II"]
[BlackTeam "Pfarrkirchen SC"]
[WhiteTeamCountry "GER"]
[BlackTeamCountry "GER"]

1. e4 e5 2. Nf3 Nc6 3. d4 exd4 4. Nxd4 Nf6 5. Nxc6 bxc6 6. e5 Qe7 7. Qe2 Nd5 8. Bd2 g6 9. c4 Ba6 10. Nc3 Bg7 11. Qe4 Nb6 12. 0-0-0 0-0 13. f4 f6 14. exf6 Qxf6 15. c5 Bxf1 16. Rhxf1 Nd5 17. g4 Rab8 18. f5 Rfe8 19. Qd3 gxf5 20. Rxf5 Qg6 21. h4 Qxg4 22. Rg5 Nb4 23. Qb1 Qd4 24. Rg3 Kh8 25. a3 Nd5 26. Rxg7 Qxg7 27. Nxd5 cxd5 28. Bc3 Qxc3+ 29. bxc3 Rxb1+ 30. Kxb1 c6 31. c4 Re5 32. Kb2 Kg7 33. Kc3 Re3+ 34. Kb4 Re4 35. Rc1 Rxc4+ 36. Rxc4 dxc4 37. Kxc4 Kf6 38. Kb4 Ke5 39. Ka5 Kd5 40. Kb4 d6 41. cxd6 Kxd6 0-1

[Event "Regionalliga SW 9798"]
[Site "Bayern"]
[Date "1998.??.??"]
[Round "?.3"]
[White "Seibold, Thomas"]
[Black "Antemia, Paul"]
[Result "1-0"]
[WhiteElo "2055"]
[BlackElo "2105"]
[PlyCount "79"]
[EventDate "1997.10.??"]
[EventType "team-tourn"]
[EventRounds "9"]
[EventCountry "GER"]
[SourceTitle "EXT 2020"]
[Source "ChessBase"]
[SourceDate "2019.10.17"]
[SourceVersion "1"]
[SourceVersionDate "2019.10.17"]
[SourceQuality "1"]
[WhiteTeam "Muenchen FC Bayern II"]
[BlackTeam "Tuerkheim"]
[WhiteTeamCountry "GER"]
[BlackTeamCountry "GER"]

1. d4 Nf6 2. Nf3 b6 3. c4 e6 4. e3 Bb7 5. Be2 Bb4+ 6. Bd2 Be7 7. Nc3 Ne4 8. Nxe4 Bxe4 9. Bc3 0-0 10. 0-0 f5 11. Nd2 Bb7 12. Bf3 d5 13. cxd5 exd5 14. Qb3 a5 15. a4 Kh8 16. Be2 Nd7 17. f4 Nf6 18. Nf3 Ng4 19. Bd2 c5 20. Ne5 Nf6 21. Rfd1 c4 22. Qc2 Ne4 23. Bf3 Nd6 24. Bc3 Rc8 25. g4 Rc7 26. Qg2 Ne4 27. gxf5 Rxf5 28. Bxe4 dxe4 29. d5 Bxd5 30. Rd2 Bc5 31. Qg3 Qg8 32. Qh3 Rf6 33. f5 Bf7 34. Rad1 Rc8 35. Rd7 Be8 36. Rd8 Rxd8 37. Rxd8 Be7 38. Ra8 Rh6 39. Qxh6 gxh6+ 40. Ng6# 1-0

[Event "Regionalliga SW 9798"]
[Site "Bayern"]
[Date "1998.??.??"]
[Round "?.4"]
[White "Seibold, Thomas"]
[Black "Lutz, Albert"]
[Result "0-1"]
[WhiteElo "2050"]
[BlackElo "2005"]
[PlyCount "140"]
[EventDate "1997.10.??"]
[EventType "team-tourn"]
[EventRounds "9"]
[EventCountry "GER"]
[SourceTitle "EXT 2020"]
[Source "ChessBase"]
[SourceDate "2019.10.17"]
[SourceVersion "1"]
[SourceVersionDate "2019.10.17"]
[SourceQuality "1"]
[WhiteTeam "Muenchen FC Bayern II"]
[BlackTeam "Augsburg SG 1873"]
[WhiteTeamCountry "GER"]
[BlackTeamCountry "GER"]

1. d4 Nf6 2. c4 e6 3. Nc3 Bb4 4. f3 c5 5. a3 Bxc3+ 6. bxc3 Nc6 7. e3 0-0 8. Bd3 d6 9. Ne2 e5 10. d5 Ne7 11. e4 Ng6 12. 0-0 Bd7 13. Kh1 Nh5 14. g3 Bh3 15. Rf2 Nf6 16. Qg1 Bd7 17. Bg5 h6 18. Bd2 Nh7 19. f4 Rb8 20. f5 Nh8 21. h4 f6 22. g4 Nf7 23. Qg3 b5 24. Ng1 bxc4 25. Bxc4 Qa5 26. Nf3 Qa4 27. Bd3 Bb5 28. Bxb5 Rxb5 29. Re1 Qxa3 30. g5 fxg5 31. hxg5 Nfxg5 32. Rg1 Rb7 33. Bxg5 Nxg5 34. Nxg5 hxg5 35. Rh2 Qa4 36. Re1 Rb1 37. Rhe2 Rxe1+ 38. Rxe1 Qc2 39. Qxg5 Qxc3 40. Rb1 Qf3+ 41. Kg1 Qf4 42. Qxf4 exf4 43. Kf2 Rc8 44. Kf3 c4 45. e5 dxe5 46. Ke4 c3 47. d6 c2 48. Rc1 Kf7 49. d7 Rd8 50. Kxe5 Rxd7 51. Rxc2 f3 52. Ke4 a5 53. Ra2 Ra7 54. Kxf3 a4 55. Ra3 Kf6 56. Kf4 Ra6 57. Rg3 Ra5 58. Rg6+ Kf7 59. Rc6 a3 60. Rc7+ Kf8 61. Rc8+ Ke7 62. Rc7+ Kd6 63. Rc1 a2 64. Ra1 Ke7 65. Kg5 Kf7 66. Kg4 Kf6 67. Kf4 Ra4+ 68. Kf3 Kxf5 69. Kg3 Ke5 70. Kf2 Kd4 0-1

[Event "Staufer op 09th"]
[Site "Schwaebisch Gmuend"]
[Date "1997.??.??"]
[Round "1"]
[White "Seibold, Thomas"]
[Black "Barthel, Ansgar"]
[Result "1/2-1/2"]
[WhiteElo "1740"]
[BlackElo "2230"]
[PlyCount "136"]
[EventDate "1997.01.??"]
[EventType "swiss"]
[EventRounds "9"]
[EventCountry "GER"]
[SourceTitle "EXT 1998"]
[Source "ChessBase"]
[SourceDate "1997.11.17"]
[SourceVersion "1"]
[SourceVersionDate "1997.11.17"]
[SourceQuality "1"]

1. e4 Nf6 2. e5 Nd5 3. d4 d6 4. c4 Nb6 5. Nf3 g6 6. Nc3 Bg7 7. Bf4 0-0 8. Qd2 Bg4 9. Be2 Nc6 10. exd6 cxd6 11. b3 d5 12. c5 Nc8 13. Ne5 Nxe5 14. Bxe5 Bxe5 15. dxe5 Bxe2 16. Nxe2 e6 17. 0-0 Qc7 18. Qc3 Ne7 19. f4 Nc6 20. b4 Rfd8 21. Nd4 Nxd4 22. Qxd4 Rac8 23. Rfc1 Qe7 24. a4 Rc7 25. Rc3 Rf8 26. b5 f6 27. exf6 Qxf6 28. Qxf6 Rxf6 29. g3 g5 30. fxg5 Rf5 31. h4 d4 32. Rc4 Rd5 33. Rac1 e5 34. c6 bxc6 35. Rxc6 Rcd7 36. Rc7 Kf7 37. Rxd7+ Rxd7 38. Kf2 Ke6 39. Ke2 Kf5 40. a5 Ke4 41. b6 axb6 42. axb6 Rb7 43. Rb1 Kd5 44. Rb5+ Kc4 45. Rxe5 Rxb6 46. Re7 Rb2+ 47. Kf3 Rb3+ 48. Kf4 Rb6 49. Rxh7 Rd6 50. Re7 d3 51. Re1 Kc3 52. h5 Kd2 53. Re3 Rd4+ 54. Kf3 Rd5 55. g6 Rxh5 56. Re6 Kc2 57. Rc6+ Kd1 58. Rd6 d2 59. g4 Rh8 60. Kf4 Ke2 61. Kg5 d1Q 62. Rxd1 Kxd1 63. g7 Ra8 64. Kg6 Ke2 65. g5 Kf3 66. Kh7 Kg4 67. g8Q Rxg8 68. Kxg8 Kxg5 1/2-1/2

[Event "Regionalliga SW 9798"]
[Site "Bayern"]
[Date "1997.??.??"]
[Round "?.3"]
[White "Seibold, Thomas"]
[Black "Nissen, Jens"]
[Result "1/2-1/2"]
[WhiteElo "2055"]
[BlackElo "2040"]
[PlyCount "94"]
[EventDate "1997.10.??"]
[EventType "team-tourn"]
[EventRounds "9"]
[EventCountry "GER"]
[SourceTitle "EXT 2020"]
[Source "ChessBase"]
[SourceDate "2019.10.17"]
[SourceVersion "1"]
[SourceVersionDate "2019.10.17"]
[SourceQuality "1"]
[WhiteTeam "Muenchen FC Bayern II"]
[BlackTeam "Pasing II"]
[WhiteTeamCountry "GER"]
[BlackTeamCountry "GER"]

1. e4 d5 2. exd5 Nf6 3. d4 Bg4 4. Be2 Bxe2 5. Nxe2 Qxd5 6. 0-0 Nc6 7. b3 e6 8. Bf4 0-0-0 9. c3 e5 10. Be3 exd4 11. cxd4 Qh5 12. Ng3 Qxd1 13. Rxd1 Bc5 14. Ne2 Rhe8 15. Nbc3 Bb6 16. h3 Rd7 17. Rd2 Ba5 18. a3 Bxc3 19. Nxc3 Nd5 20. Nxd5 Rxd5 21. Rc1 Ne7 22. Rc5 Red8 23. Kf1 c6 24. b4 R5d7 25. b5 Rd5 26. Rdc2 b6 27. Rxd5 Rxd5 28. bxc6 g5 29. g3 Kc7 30. f4 f6 31. fxg5 fxg5 32. Kg2 Nxc6 33. Rf2 Rd7 34. Bxg5 Nxd4 35. Rd2 Nb5 36. Rxd7+ Kxd7 37. Bc1 Ke6 38. g4 a5 39. Kf3 Nd6 40. h4 b5 41. Ke3 b4 42. axb4 axb4 43. Kd3 h5 44. gxh5 Nf5 45. Bg5 Kf7 46. Kc4 Kg7 47. Kxb4 Nxh4 1/2-1/2

[Event "Regionalliga SW 9596"]
[Site "Bayern"]
[Date "1996.??.??"]
[Round "?"]
[White "Seibold, Thomas"]
[Black "Killinger, Wilhelm"]
[Result "1/2-1/2"]
[WhiteElo "2070"]
[BlackElo "1895"]
[PlyCount "24"]
[EventDate "1995.10.??"]
[EventType "team-tourn"]
[EventRounds "9"]
[EventCountry "GER"]
[SourceTitle "EXT 1999"]
[Source "ChessBase"]
[SourceDate "1998.11.16"]
[SourceVersion "1"]
[SourceVersionDate "1998.11.16"]
[SourceQuality "1"]
[WhiteTeam "Muenchen FC Bayern II"]
[BlackTeam "Obermenzing"]
[WhiteTeamCountry "GER"]
[BlackTeamCountry "GER"]

1. e4 e6 2. d4 d5 3. exd5 exd5 4. Bd3 Nf6 5. Nf3 Bd6 6. 0-0 0-0 7. Bg5 c6 8. Nbd2 Bg4 9. c3 Nbd7 10. h3 Bh5 11. Re1 Re8 12. Qc2 Qc7 1/2-1/2

[Event "Landesliga Sued 9495"]
[Site "Bayern"]
[Date "1995.04.30"]
[Round "8.7"]
[White "Seibold, Thomas"]
[Black "Schuster, Karsten"]
[Result "1-0"]
[WhiteElo "2075"]
[BlackElo "2125"]
[PlyCount "103"]
[EventDate "1994.10.09"]
[EventType "team-tourn"]
[EventRounds "9"]
[EventCountry "GER"]
[SourceTitle "EXT 1999"]
[Source "ChessBase"]
[SourceDate "1998.11.16"]
[SourceVersion "1"]
[SourceVersionDate "1998.11.16"]
[SourceQuality "1"]
[WhiteTeam "Muenchen FC Bayern III"]
[BlackTeam "Pasing"]
[WhiteTeamCountry "GER"]
[BlackTeamCountry "GER"]

1. d4 Nf6 2. c4 e6 3. Nf3 b6 4. g3 Bb7 5. Bg2 Be7 6. Nc3 0-0 7. 0-0 Ne4 8. d5 Nxc3 9. bxc3 d6 10. Nd4 e5 11. Nf5 g6 12. Nxe7+ Qxe7 13. Bh6 Re8 14. e4 Nd7 15. f4 Ba6 16. Qe2 exf4 17. gxf4 f5 18. Rae1 Qf6 19. Rf3 Rxe4 20. Re3 Bxc4 21. Qd2 Rxe3 22. Qxe3 Nc5 23. Qe7 Qxe7 24. Rxe7 Na6 25. Rg7+ Kh8 26. Re7 Kg8 27. Rg7+ Kh8 28. Re7 Bb5 29. Bg7+ Kg8 30. Bd4 Re8 31. Rg7+ Kf8 32. Rxh7 Re1+ 33. Kf2 Ra1 34. Rh8+ Kf7 35. Rh7+ Kf8 36. Rh8+ Ke7 37. Rh7+ Ke8 38. Rh8+ Kd7 39. Rg8 Rxa2+ 40. Kg3 Nc5 41. Rxg6 a5 42. h4 Be2 43. Bxc5 dxc5 44. Bh3 a4 45. Bxf5+ Ke7 46. Re6+ Kf7 47. Bg6+ Kf8 48. f5 Bb5 49. f6 a3 50. d6 Bd7 51. Re7 Rd2 52. dxc7 1-0